000 00895nam a2200253Ia 4500
003 OSt
005 20220918110740.0
006 a|||||r|||| 00| 0
007 ta
008 220915b |||||||| |||| 00| 0 hin d
024 _a92,671
037 _cReference Collections
040 _aARTS
_cARTS
_bhin
041 _2hin
_ahin
082 _aO152,1I51k, N6(RR)
100 _aविश्नोई, किशनाराम, ले.
_99357
245 0 _aजम्भवाणी
_b काव्य - कोश
246 _aJambhavāṇī: kāvya - kosha
260 _aदिल्ली
_bनिर्मल पब्लिकेशन्स् भारत
_c1996
300 _a512पृ0
650 _afgUnh dfork
_99358
942 _hO152,1I51k, N6(RR)
_cREF
999 _c114454
_d114454